000 00603nam a2200205Ia 4500
005 20250508162931.0
008 008 250505s9999 xx 000 0 eng d
037 _aTextual
040 _aFEDL
_beng
_cFEDL
041 _aeng
_2eng
084 _a152.452, HEN
_qFEDL
100 _aHenerson Marlene E
_9601890
245 0 _aHow to measure attitudes
260 _aNewbury Park, London
_bSage Publications
_c1987
300 _a181p.
365 _aUSD
_b11.5
700 _a Morris Lynn Lyons Fitz Gibbon Carol Taylor
_9774444
942 _cTEXL
_h152.452, HEN
999 _c1379517
_d1379517